000 00930cam a22002291 4500
001 e 36000002
003 DLC
005 20260227111225.0
008 771220s1936 dcu 000 0 eng
010 _ae 36000002
035 _a(OCoLC)3503270
040 _aDLC
_cPKuS
_dDLC
050 0 0 _aLC2801
_b.C27
100 1 _aCaliver, Ambrose,
_d1894-1962.
245 1 0 _aAvailability of education to Negroes in rural communities /
_cby Ambrose Caliver, senior specialist in the education of negroes, Office of Education.
260 _aWashington :
_bU.S. Govt. Print. Off.,
_c1936.
300 _aiv, 86 p. :
_btables ;
_c23 cm.
490 0 _aU.S. Office of Education. Bulletin 1935,
_vno. 12
500 _aAt head of title: United States Department of the Interior, Harold L. Ickes, secretary. Office of Education, J.W. Studebaker, commissioner.
650 0 _aAfrican Americans
_xEducation.
740 0 _aNegroes in rural communities.
999 _c21452
_d21452